000 00810nam a2200241 i 4500
001 77514
003 ES-MaACL
005 20230906173244.0
007 t|
008 041019s2004 sp ||||1| spa d
020 _a84-95265-37-0
080 _a929(460)"16/20":341.71
080 _a341.7(460:492/3)(091)
100 1 _aAlzina Aguilar, José Pablo.
_921055
245 1 0 _aEmbajadores de España en los Paises Bajos /
_cJosé Pablo Alzina.
250 _a1ª ed.
260 _aMadrid :
_bMinisterio de Asuntos Exteriores,
_c2004.
300 _a186 p. :
_bil. ;
_c24 cm.
650 1 4 _aDiplomáticos-
_zEspaña-
_xBiografías.
_9148440
651 4 _aEspaña-
_xServicio diplomático y consular-
_zHolanda.
_9148441
710 1 _aEspaña.
_bMinisterio de Asuntos Exteriores.
_93845
852 _aES-MaACL
_jL-28293
999 _c77514
_d77514